| 000 | 01198aam a2200409 4500 | ||
|---|---|---|---|
| 005 | 20251128115725.0 | ||
| 008 | 150624b2010 xxu||||| |||| 00| 0 spa d | ||
| 020 | _a9789589076330 | ||
| 041 | _aESP | ||
| 082 | _a617.643 UR76o2 | ||
| 100 |
_aUribe Restrepo, Gonzálo Alonso _925661 |
||
| 245 | _aOrtodoncia teoría clínica | ||
| 250 | _a2 edición | ||
| 260 | _aColombia | ||
| 260 | _bCorporación para Investigaciones Biológicas | ||
| 260 | _c2010 | ||
| 300 | _a1312 páginas | ||
| 300 | _bIlustraciones a color | ||
| 490 | _aMecánica Dental | ||
| 650 | _aORTODONCIA | ||
| 650 | _aCRECIMIENTO Y DESARROLLO CRANEOFACIAL | ||
| 650 | _aANÁLISIS DE ARCOS DENTALES | ||
| 650 | _aPERFIL FACIAL | ||
| 650 | _aBRACKETS | ||
| 650 | _aMALOCLUSIÓN | ||
| 650 | _aERUPCIÓN Y EXTRACCIÓN SERIADA | ||
| 650 | _aPROBLEMAS TRANSVERSALES DEL MAXILAR | ||
| 650 | _aORTODONCIA LINGUAL | ||
| 650 | _aANÁLISIS MECÁNICO DEL ANCLAJE | ||
| 650 | _aTRACCIÓN CERVICAL | ||
| 650 | _aBLANQUEAMIENTO DENTAL | ||
| 650 | _aINSTRUMENTOS EN ORTODONCIA | ||
| 650 | _aMORDIDA | ||
| 650 | _aARTICULACIÓN TEMPOROMANDIBULAR | ||
| 650 | _aBIOSEGURIDAD EN ORTODONCIA | ||
| 942 |
_cBK _2ddc |
||
| 999 |
_c3041 _d3041 |
||